[Event "Budapest One Week GM 02"]
[Site "Budapest"]
[Date "2024.02.26"]
[Round "1"]
[White "Bodi, Tibor"]
[Black "Gaal, Zsoka"]
[Result "1/2-1/2"]
[WhiteElo "2294"]
[BlackElo "2363"]
[PlyCount "137"]
[EventDate "2024.02.26"]
[EventType "tourn"]
[EventRounds "9"]
[EventCountry "HUN"]
[EventCategory "6"]
[SourceTitle "CB11_2024"]
[SourceDate "2024.03.13"]
[SourceVersion "1"]
[SourceVersionDate "2024.03.13"]
[SourceQuality "1"]

1. e4 c6 2. Nc3 d5 3. Nf3 Bg4 4. h3 Bxf3 5. Qxf3 Nf6 6. Be2 d4 7. Nd1 e5 8. 0-0 Bd6 9. Bc4 0-0 10. d3 b5 11. Bb3 Nbd7 12. a3 c5 13. Bg5 h6 14. Bd2 Nb6 15. c4 bxc4 16. dxc4 a5 17. a4 Re8 18. g3 Nbd7 19. Bc2 Nf8 20. Ra3 Ne6 21. h4 Rb8 22. Rb3 Bc7 23. Rxb8 Qxb8 24. Qd3 Rd8 25. f3 Nh5 26. Kg2 Rd6 27. b3 Qd8 28. Rh1 Qf6 29. Nf2 Qg6 30. Ng4 Rd8 31. Rh3 Rd7 32. Kf2 f6 33. Ke2 Kf8 34. Kd1 Ke8 35. Kc1 Kd8 36. Kb2 Kc8 37. Qf1 Kb7 38. Bd3 Ka6 39. Qg2 Ka7 40. Qe2 Qe8 41. Nf2 Rd8 42. Ka2 Qg6 43. Qe1 Ka6 44. Bb1 d3 45. Nxd3 Qe8 46. Be3 Qc6 47. Qe2 g6 48. Qd2 f5 49. Qe1 f4 50. gxf4 Nhxf4 51. Nxf4 exf4 52. Bc1 Be5 53. Rh2 Nd4 54. Qd1 Rb8 55. Bc2 Rd8 56. Rd2 Qf6 57. Ba3 Kb6 58. Qg1 Rd6 59. Qg4 Qe6 60. Qxe6 Rxe6 61. Bd1 Bf6 62. Bb2 Rd6 63. Bc2 Kc6 64. e5 Bxe5 65. Be4+ Kb6 66. Rg2 Nc6 67. Bxc6 Bxb2 68. Bd5 Bd4 69. Kb1 1/2-1/2

[Event "EU-ch Rapid"]
[Site "Zagreb"]
[Date "2023.12.14"]
[Round "2"]
[White "Deac, Bogdan Daniel"]
[Black "Bodi, Tibor"]
[Result "1-0"]
[WhiteElo "2690"]
[BlackElo "2291"]
[PlyCount "85"]
[EventDate "2023.12.14"]
[EventType "swiss (rapid)"]
[EventRounds "11"]
[EventCountry "CRO"]
[SourceTitle "CB51_2023"]
[SourceDate "2023.12.20"]
[SourceVersion "1"]
[SourceVersionDate "2023.12.20"]
[SourceQuality "1"]

1. b3 e5 2. Bb2 d6 3. e3 g6 4. c4 Bg7 5. Nc3 Ne7 6. Qc2 Nbc6 7. a3 0-0 8. Nf3 f5 9. d3 f4 10. e4 Nd4 11. Qd1 Bg4 12. Be2 Nxe2 13. Qxe2 Nc6 14. Nb1 Nd4 15. Bxd4 exd4 16. Nbd2 a5 17. h3 Bd7 18. Rb1 Qf6 19. Qd1 h6 20. b4 axb4 21. axb4 b5 22. Ra1 bxc4 23. Nxc4 Be6 24. Ncd2 g5 25. Rc1 Ra3 26. Nb1 Bb3 27. Qe2 Ra2 28. Nbd2 Qe7 29. 0-0 d5 30. Rc5 dxe4 31. dxe4 Bf7 32. Rfc1 Rb8 33. e5 Rd8 34. Qd3 Rd7 35. b5 Qe6 36. Rc6 Qd5 37. R1c5 Ra1+ 38. Kh2 Qa2 39. Rxc7 Rxc7 40. Rxc7 Qd5 41. Rc8+ Bf8 42. Qxd4 Qa2 43. Qd6 1-0

[Event "HUN-ch Rapid"]
[Site "Ajka"]
[Date "2023.07.23"]
[Round "13"]
[White "Kovacs, Gabor H"]
[Black "Bodi, Tibor"]
[Result "0-1"]
[WhiteElo "2398"]
[BlackElo "2285"]
[PlyCount "84"]
[EventDate "2023.07.21"]
[EventType "swiss (rapid)"]
[EventRounds "13"]
[EventCountry "HUN"]
[SourceTitle "CBM 215 Extra"]
[Source "ChessBase"]
[SourceDate "2023.09.30"]
[SourceVersion "1"]
[SourceVersionDate "2023.09.30"]
[SourceQuality "1"]

1. c4 e5 2. Nc3 Nf6 3. Nf3 Nc6 4. a3 a5 5. d3 Be7 6. e3 0-0 7. Be2 d5 8. cxd5 Nxd5 9. 0-0 Be6 10. Qc2 Nb6 11. b3 f5 12. Bb2 Bf6 13. Rfe1 Qd7 14. Rab1 Rad8 15. Ba1 Kh8 16. b4 axb4 17. axb4 Ne7 18. Red1 Ng6 19. d4 e4 20. Ne5 Qe8 21. Nxg6+ Qxg6 22. b5 Ra8 23. d5 Bg8 24. Bb2 Rfd8 25. Ra1 Qe8 26. Rxa8 Rxa8 27. d6 Rc8 28. Qd2 cxd6 29. Ba3 Qe5 30. g3 d5 31. Qc2 Rd8 32. Nb1 Nc4 33. Bc5 Rd7 34. Na3 Rd8 35. Nxc4 dxc4 36. Bb6 c3 37. Ba5 Qc5 38. Bb6 Qb4 39. Qc1 Rxd1+ 40. Bxd1 Bd4 41. Qc2 Qxb5 42. exd4 Qd3 0-1

[Event "HUN-chT 2223"]
[Site "Hungary"]
[Date "2023.04.23"]
[Round "9.11"]
[White "Szukics, Adam"]
[Black "Bodi, Tibor"]
[Result "1-0"]
[WhiteElo "2163"]
[BlackElo "2299"]
[PlyCount "49"]
[EventDate "2022.11.20"]
[EventType "team-tourn"]
[EventRounds "9"]
[EventCountry "HUN"]
[SourceTitle "EXT 2024"]
[Source "ChessBase"]
[SourceDate "2023.10.10"]
[SourceVersion "1"]
[SourceVersionDate "2023.10.10"]
[SourceQuality "1"]
[WhiteTeam "Haladas"]
[BlackTeam "Kobanya Aquarena"]
[WhiteTeamCountry "HUN"]
[BlackTeamCountry "HUN"]

1. e4 a6 2. Nf3 b5 3. d4 Bb7 4. Bd3 e6 5. 0-0 Nf6 6. Qe2 c5 7. c3 cxd4 8. cxd4 Nc6 9. Nc3 b4 10. Nd5 Nxd5 11. exd5 Ne7 12. dxe6 dxe6 13. Bg5 h6 14. Bh4 Qb6 15. Ne5 g5 16. Bg3 Bg7 17. Nc4 Qa7 18. Nd6+ Kd7 19. Nxf7 Rhf8 20. Ne5+ Kd8 21. Rac1 Bd5 22. Rc5 Qb7 23. Rfc1 Rc8 24. Rxc8+ Nxc8 25. Bxa6 1-0

[Event "Titled Tuesday intern op 18th Apr Early"]
[Site "Chess.com INT"]
[Date "2023.04.18"]
[Round "3"]
[White "Bodi, Tibor"]
[Black "Indjic, Aleksandar"]
[Result "1-0"]
[WhiteElo "2365"]
[BlackElo "2618"]
[PlyCount "83"]
[EventDate "2023.04.18"]
[EventType "swiss (blitz)"]
[EventRounds "11"]
[EventCountry "USA"]
[SourceTitle "EXT 2024"]
[Source "ChessBase"]
[SourceDate "2023.10.10"]
[SourceVersion "1"]
[SourceVersionDate "2023.10.10"]
[SourceQuality "1"]

1. c4 e5 2. g3 h5 3. h3 Nc6 4. Bg2 Bc5 5. e3 a6 6. a3 Ba7 7. b4 d6 8. Bb2 Rb8 9. Ne2 h4 10. g4 f5 11. gxf5 Bxf5 12. d3 Nf6 13. Nbc3 Ne7 14. Ne4 Nxe4 15. dxe4 Be6 16. c5 Nc6 17. cxd6 cxd6 18. Rg1 0-0 19. Qd3 Rc8 20. f4 Qb6 21. f5 Bf7 22. Kf2 Kh8 23. Bf3 Ne7 24. Rg4 Bc4 25. Rxh4+ Kg8 26. Qd2 d5 27. Rg1 dxe4 28. Bxe5 Nxf5 29. Nd4 Rc7 30. Nxf5 Rxf5 31. Qd8+ Rf8 32. Rxg7+ Rxg7 33. Rh8+ Kf7 34. Rxf8+ Ke6 35. Rf6+ Kxe5 36. Rxb6 Bxb6 37. Qxb6 Rd7 38. Qc5+ Bd5 39. Qd4+ Kd6 40. Bxe4 Kc6 41. Bxd5+ Rxd5 42. h4 1-0

[Event "Budapest FS02 IM"]
[Site "Budapest"]
[Date "2023.02.14"]
[Round "9"]
[White "Chubakov, Sultan"]
[Black "Bodi, Tibor"]
[Result "0-1"]
[WhiteElo "2134"]
[BlackElo "2280"]
[PlyCount "102"]
[EventDate "2023.02.04"]
[EventType "tourn"]
[EventRounds "9"]
[EventCountry "HUN"]
[SourceTitle "CBM 212 Extra"]
[Source "ChessBase"]
[SourceDate "2023.03.31"]
[SourceVersion "1"]
[SourceVersionDate "2023.03.31"]
[SourceQuality "1"]

1. d4 e6 2. c4 Bb4+ 3. Bd2 Qe7 4. a3 Bxd2+ 5. Qxd2 Nf6 6. Nc3 0-0 7. g3 d5 8. Bg2 dxc4 9. Nf3 Nbd7 10. 0-0 e5 11. Rad1 c6 12. a4 a5 13. e4 Rb8 14. d5 Nc5 15. Qe2 Nd3 16. b3 cxd5 17. Nxd5 Nxd5 18. exd5 Bg4 19. bxc4 Nc5 20. h3 Bxf3 21. Qxf3 Qd6 22. Qa3 b6 23. Rb1 Rfc8 24. Rb5 Qf8 25. Rfb1 Nd7 26. Qd3 Qd6 27. h4 g6 28. Bh3 f5 29. h5 e4 30. Qc3 Re8 31. h6 Re7 32. Qe3 Rc8 33. Bf1 Rc5 34. Be2 Rxb5 35. Rxb5 Qf6 36. c5 Nxc5 37. d6 Qxd6 38. Bc4+ Kf8 39. Qc3 Ke8 40. Qh8+ Kd7 41. Qa8 e3 42. Rb2 exf2+ 43. Kh2 Kc7 44. Bb5 Re5 45. Rxf2 Qd5 46. Qh8 Re7 47. Bf1 Qd8 48. Qc3 Re4 49. Rd2 Qg5 50. Bg2 Qxh6+ 51. Kg1 Qe3+ 0-1

[Event "Budapest FS02 IM"]
[Site "Budapest"]
[Date "2023.02.06"]
[Round "3"]
[White "Bodi, Tibor"]
[Black "Szeberenyi, Adam"]
[Result "1/2-1/2"]
[WhiteElo "2280"]
[BlackElo "2325"]
[PlyCount "96"]
[EventDate "2023.02.04"]
[EventType "tourn"]
[EventRounds "9"]
[EventCountry "HUN"]
[SourceTitle "CBM 212 Extra"]
[Source "ChessBase"]
[SourceDate "2023.03.31"]
[SourceVersion "1"]
[SourceVersionDate "2023.03.31"]
[SourceQuality "1"]

1. e4 c5 2. Nf3 e6 3. d4 cxd4 4. Nxd4 Nf6 5. Nc3 Nc6 6. Ndb5 Bb4 7. a3 Bxc3+ 8. Nxc3 d5 9. Bd3 dxe4 10. Nxe4 Nxe4 11. Bxe4 Qxd1+ 12. Kxd1 f5 13. Bxc6+ bxc6 14. Bf4 Ba6 15. b3 Kf7 16. c4 Rhd8+ 17. Kc2 Rd7 18. Rhd1 Rad8 19. Be3 Ke8 20. Rxd7 Rxd7 21. Rd1 Rc7 22. Bf4 Rc8 23. Kc3 Bb7 24. b4 Rd8 25. Rxd8+ Kxd8 26. Be3 a6 27. Bb6+ Kd7 28. Kd4 g5 29. Ba7 a5 30. f3 axb4 31. axb4 h5 32. Bb8 g4 33. fxg4 fxg4 34. Bf4 Ba6 35. Be5 Ke7 36. Kc5 Kd7 37. Bf4 Kc8 38. Be5 Kd7 39. Bf4 Kc8 40. Kxc6 Bxc4 41. Kd6 Kb7 42. g3 Bb5 43. Kxe6 Be8 44. h4 gxh3 45. g4 hxg4 46. Ke5 Kc6 47. Kd4 Kb5 48. Ke3 Kxb4 1/2-1/2

[Event "Budapest FS02 IM"]
[Site "Budapest"]
[Date "2023.02.05"]
[Round "2"]
[White "Apaar, Saxena"]
[Black "Bodi, Tibor"]
[Result "1/2-1/2"]
[WhiteElo "1965"]
[BlackElo "2280"]
[PlyCount "72"]
[EventDate "2023.02.04"]
[EventType "tourn"]
[EventRounds "9"]
[EventCountry "HUN"]
[SourceTitle "CBM 212 Extra"]
[Source "ChessBase"]
[SourceDate "2023.03.31"]
[SourceVersion "1"]
[SourceVersionDate "2023.03.31"]
[SourceQuality "1"]

1. e4 Nc6 2. Nf3 g6 3. d4 Bg7 4. Nc3 d6 5. Be3 Nf6 6. d5 Nb8 7. h3 c6 8. dxc6 Nxc6 9. Qd2 0-0 10. 0-0-0 Rb8 11. Nd4 Bd7 12. g4 b5 13. Bg2 Ne5 14. g5 b4 15. Nce2 Nh5 16. b3 Qa5 17. Kb1 Rfc8 18. f4 Nc6 19. Bf3 e5 20. Nxc6 Bxc6 21. f5 gxf5 22. Bxh5 Bxe4 23. Rc1 d5 24. Rhd1 d4 25. Bg1 Qa3 26. Nxd4 Rc3 27. Nb5 Rxb3+ 28. axb3 Qxb3+ 29. Ka1 Qa4+ 30. Kb2 Qxb5 31. Ra1 Rc8 32. Rdc1 Bd5 33. Rxa7 Qc4 34. Be2 Qc6 35. Ra6 e4+ 36. Bd4 Qc3+ 1/2-1/2

[Event "Budapest Vezerkepzo Christmas IM"]
[Site "Budapest"]
[Date "2023.01.02"]
[Round "7"]
[White "Bodi, Tibor"]
[Black "Daroczi, Donat"]
[Result "1/2-1/2"]
[WhiteElo "2314"]
[BlackElo "2142"]
[PlyCount "83"]
[EventDate "2022.12.26"]
[EventType "tourn"]
[EventRounds "9"]
[EventCountry "HUN"]
[SourceTitle "CBM 212 Extra"]
[Source "ChessBase"]
[SourceDate "2023.03.31"]
[SourceVersion "1"]
[SourceVersionDate "2023.03.31"]
[SourceQuality "1"]

1. a3 d5 2. b4 a5 3. b5 e5 4. Bb2 Bd6 5. Nf3 Qe7 6. e3 c5 7. bxc6 bxc6 8. c4 d4 9. Be2 c5 10. 0-0 Nf6 11. exd4 exd4 12. d3 0-0 13. Nbd2 h6 14. Re1 Bb7 15. Rb1 Qc7 16. g3 Nbd7 17. Nh4 g6 18. Bc1 Kh7 19. Rxb7 Qxb7 20. Bf3 Qa7 21. Bxa8 Qxa8 22. Nhf3 Qc6 23. Ne4 Nxe4 24. Rxe4 Kg7 25. Bd2 Nf6 26. Re1 Re8 27. Rxe8 Qxe8 28. Nh4 Bc7 29. Qf3 Qe6 30. Ng2 Qb6 31. h3 Nd7 32. Bf4 Bxf4 33. Nxf4 Nf6 34. h4 h5 35. Qe2 Qb1+ 36. Kg2 Ng4 37. Qe7 Qb6 38. a4 Qc6+ 39. Nd5 Qxa4 40. Qxc5 Qa1 41. Nf4 Qb2 42. Ne6+ 1/2-1/2

[Event "Budapest Vezerkepzo Christmas IM"]
[Site "Budapest"]
[Date "2022.12.28"]
[Round "3"]
[White "Bodi, Tibor"]
[Black "Udvardi, Zalan"]
[Result "1-0"]
[WhiteElo "2314"]
[BlackElo "2280"]
[PlyCount "105"]
[EventDate "2022.12.26"]
[EventType "tourn"]
[EventRounds "9"]
[EventCountry "HUN"]
[SourceTitle "CBM 212 Extra"]
[Source "ChessBase"]
[SourceDate "2023.03.31"]
[SourceVersion "1"]
[SourceVersionDate "2023.03.31"]
[SourceQuality "1"]

1. b4 e5 2. Bb2 Bxb4 3. Bxe5 Nf6 4. Nf3 d5 5. c4 Nc6 6. cxd5 Nxe5 7. Qa4+ Bd7 8. Qxb4 Nxf3+ 9. gxf3 Nxd5 10. Qxb7 c6 11. Qb2 0-0 12. Qd4 Qe7 13. Nc3 Nb4 14. Rc1 Rad8 15. Rg1 Bg4 16. Qe3 Be6 17. a3 Nd5 18. Nxd5 cxd5 19. Qd4 g6 20. e3 Rc8 21. Ra1 Rc6 22. Bd3 Qc7 23. Ke2 Rd8 24. h4 Rc4 25. Qf6 Rc6 26. h5 Bg4 27. Qh4 Bc8 28. Rac1 Rdd6 29. Rxc6 Qxc6 30. Rb1 d4 31. hxg6 fxg6 32. Rb8 Qc7 33. Ra8 Kg7 34. Qf4 Rd7 35. Qxc7 Rxc7 36. f4 Bb7 37. Rd8 Bc6 38. Rxd4 h5 39. Rd6 Be8 40. f5 g5 41. f6+ Kf8 42. Rd8 Kf7 43. Rd5 h4 44. Rxg5 Kxf6 45. Rf5+ Kg7 46. Rf4 h3 47. Rh4 Bd7 48. f4 Kf6 49. f5 Bxf5 50. Bxf5 Kxf5 51. Rxh3 Rc6 52. Rh5+ Ke4 53. d3# 1-0

[Event "Budapest Vezerkepzo IM 12"]
[Site "Budapest"]
[Date "2022.12.22"]
[Round "8"]
[White "Bodi, Tibor"]
[Black "Daroczi, Donat"]
[Result "1-0"]
[WhiteElo "2314"]
[BlackElo "2142"]
[PlyCount "73"]
[EventDate "2022.12.14"]
[EventType "tourn"]
[EventRounds "9"]
[EventCountry "HUN"]
[SourceTitle "CBM 211 Extra"]
[Source "ChessBase"]
[SourceDate "2023.01.31"]
[SourceVersion "1"]
[SourceVersionDate "2023.01.31"]
[SourceQuality "1"]

1. b4 e5 2. Bb2 Bxb4 3. Bxe5 Nf6 4. c3 Ba5 5. Nf3 0-0 6. Na3 d5 7. g3 Nbd7 8. Bf4 Nh5 9. Bg5 f6 10. Be3 Ne5 11. Bg2 c6 12. 0-0 g6 13. Qb3 b5 14. Nd4 Bd7 15. Bh6 Rf7 16. d3 Rb8 17. Nac2 Be8 18. h3 Re7 19. Nb4 Qd6 20. Bc1 Bxb4 21. cxb4 Ng7 22. Bb2 Kh8 23. Rac1 a6 24. Qc3 Rc8 25. Qa3 Ra8 26. Qa5 Raa7 27. f4 Nf7 28. e4 Kg8 29. exd5 cxd5 30. Rc5 Rec7 31. Rxd5 Qe7 32. Kh2 Qe3 33. Qb6 Nh5 34. Rxh5 gxh5 35. Qxf6 Qe7 36. Re1 Qxe1 37. Nf5 1-0

[Event "Budapest FS12 IM"]
[Site "Budapest"]
[Date "2022.12.13"]
[Round "9"]
[White "Varga, Csaba Zoltan"]
[Black "Bodi, Tibor"]
[Result "0-1"]
[WhiteElo "2347"]
[BlackElo "2314"]
[PlyCount "63"]
[EventDate "2022.12.03"]
[EventType "tourn"]
[EventRounds "9"]
[EventCountry "HUN"]
[EventCategory "2"]
[SourceTitle "CBM 212 Extra"]
[Source "ChessBase"]
[SourceDate "2023.03.31"]
[SourceVersion "1"]
[SourceVersionDate "2023.03.31"]
[SourceQuality "1"]

1. e4 c6 2. f3 d5 3. exd5 cxd5 4. Bb5+ Bd7 5. Qe2 Nf6 6. Nh3 a6 7. Bxd7+ Qxd7 8. d4 Nc6 9. c3 e6 10. 0-0 Bd6 11. Bf4 0-0 12. Nd2 Qc7 13. Bxd6 Qxd6 14. f4 b5 15. a3 Ne7 16. Rac1 a5 17. Nf2 Qxf4 18. Nfe4 Qh6 19. Nxf6+ gxf6 20. Rf3 b4 21. Rh3 Qg7 22. Rg3 Ng6 23. h4 bxc3 24. bxc3 h5 25. Qxh5 Qh7 26. Qg4 Kh8 27. Rf1 Rg8 28. Qf3 f5 29. h5 Ne7 30. Kf2 Qh6 31. Ke1 Kh7 32. Rh1 0-1

[Event "Budapest FS12 IM"]
[Site "Budapest"]
[Date "2022.12.12"]
[Round "8"]
[White "Bodi, Tibor"]
[Black "Paszewski, Mateusz"]
[Result "1/2-1/2"]
[WhiteElo "2314"]
[BlackElo "2282"]
[PlyCount "124"]
[EventDate "2022.12.03"]
[EventType "tourn"]
[EventRounds "9"]
[EventCountry "HUN"]
[EventCategory "2"]
[SourceTitle "CBM 212 Extra"]
[Source "ChessBase"]
[SourceDate "2023.03.31"]
[SourceVersion "1"]
[SourceVersionDate "2023.03.31"]
[SourceQuality "1"]

1. Nf3 d5 2. g3 Bg4 3. Bg2 e6 4. 0-0 Nf6 5. d3 Be7 6. Nbd2 c5 7. c4 Nc6 8. cxd5 Nxd5 9. Qa4 Bxf3 10. Nxf3 0-0 11. Bd2 Qd7 12. Rfc1 Rfd8 13. Qe4 Nf6 14. Qc4 Nd5 15. a3 Rac8 16. Rab1 b6 17. Qa4 Qb7 18. Rc2 h6 19. Rbc1 b5 20. Qb3 Qa6 21. h4 Kf8 22. Bf1 Na5 23. Qa2 Nc6 24. Qb1 Ke8 25. e4 Nf6 26. Be3 Nd7 27. d4 cxd4 28. Nxd4 Nxd4 29. Bxd4 e5 30. Rxc8 Rxc8 31. Rxc8+ Qxc8 32. Bxa7 Qb7 33. Be3 Nc5 34. b4 Ne6 35. Qd3 Nc7 36. h5 Qc6 37. Ba7 Qb7 38. Bc5 Qc6 39. Be3 Qb7 40. Qc2 Bd6 41. Bd3 Kd7 42. Qe2 Qa6 43. Qa2 Ke7 44. Qb3 Qc6 45. Qb2 Ne6 46. Qc1 Qd7 47. Qf1 Nc7 48. Be2 Qe8 49. Qb1 Qa8 50. Bc1 Kd7 51. Qc2 Ke7 52. Kg2 Qb7 53. Be3 Qa8 54. Bc5 Qc6 55. Bxd6+ Kxd6 56. Qd3+ Ke7 57. Bf1 Qb6 58. Kg1 Qc6 59. Bh3 Ne8 60. f4 exf4 61. gxf4 Qc1+ 62. Kg2 Qxf4 1/2-1/2

[Event "Budapest FS12 IM"]
[Site "Budapest"]
[Date "2022.12.09"]
[Round "6"]
[White "Bodi, Tibor"]
[Black "Mouhamad, Joachin"]
[Result "1-0"]
[WhiteElo "2314"]
[BlackElo "2267"]
[PlyCount "169"]
[EventDate "2022.12.03"]
[EventType "tourn"]
[EventRounds "9"]
[EventCountry "HUN"]
[EventCategory "2"]
[SourceTitle "CBM 212 Extra"]
[Source "ChessBase"]
[SourceDate "2023.03.31"]
[SourceVersion "1"]
[SourceVersionDate "2023.03.31"]
[SourceQuality "1"]

1. e4 c5 2. Nf3 Nc6 3. d4 cxd4 4. Nxd4 Nf6 5. Nc3 d6 6. h3 g6 7. Be3 Bg7 8. Bc4 0-0 9. 0-0 Bd7 10. Bb3 a6 11. f4 Nxd4 12. Bxd4 Bc6 13. Qd3 Nd7 14. Bxg7 Kxg7 15. Rae1 b5 16. a3 Rb8 17. Kh2 a5 18. Bd5 Qc7 19. Bxc6 Qxc6 20. Nd5 e6 21. Qd4+ f6 22. Ne3 Nc5 23. Ng4 h5 24. Nf2 e5 25. Qd2 exf4 26. Qxa5 g5 27. Qc3 Rbc8 28. Qf3 h4 29. Re2 Rfe8 30. Rd1 Re6 31. Nd3 Rce8 32. Qg4 Nxd3 33. cxd3 Qc5 34. Rdd2 Qd4 35. Rf2 Qe3 36. Qf5 Re5 37. Qd7+ Kg6 38. Qc6 R8e6 39. Qc2 d5 40. Rde2 Qg3+ 41. Kg1 dxe4 42. dxe4 g4 43. hxg4 Qxg4 44. Qc8 Qg5 45. Qc2 Re8 46. Rf3 Kh5 47. Rff2 Qg4 48. Qc7 Kg6 49. Qc2 Kh6 50. Qd3 f5 51. Qd6+ Kh5 52. Qf6 Qg5 53. Qf7+ Kg4 54. Qd7 Qe7 55. Qd2 Rxe4 56. Rxf4+ Rxf4 57. Rxe7 Rxe7 58. Qd1+ Kg5 59. Qd8 Rfe4 60. Qg8+ Kf4 61. Qd5 R7e5 62. Qd2+ Re3 63. b3 Kg4 64. Kh2 Re2 65. Qd4+ Kg5 66. a4 bxa4 67. bxa4 R5e4 68. Qd8+ Kg4 69. a5 Re8 70. Qd4+ R8e4 71. Qg7+ Kf4 72. a6 Ra2 73. Qc7+ Kg5 74. Qd8+ Kf4 75. Qb8+ Re5 76. a7 Rxa7 77. Qxa7 Re4 78. Qg7 Ke3 79. Qg5+ f4 80. Qxh4 Kd4 81. Qf6+ Kd5 82. Kh3 Re3+ 83. Kg4 Rg3+ 84. Kxf4 Rxg2 85. Qe5+ 1-0

[Event "Budapest FS12 IM"]
[Site "Budapest"]
[Date "2022.12.06"]
[Round "4"]
[White "Bodi, Tibor"]
[Black "Ilincic, Zlatko"]
[Result "1-0"]
[WhiteElo "2314"]
[BlackElo "2314"]
[PlyCount "65"]
[EventDate "2022.12.03"]
[EventType "tourn"]
[EventRounds "9"]
[EventCountry "HUN"]
[EventCategory "2"]
[SourceTitle "CBM 212 Extra"]
[Source "ChessBase"]
[SourceDate "2023.03.31"]
[SourceVersion "1"]
[SourceVersionDate "2023.03.31"]
[SourceQuality "1"]

1. Nf3 Nf6 2. e3 d5 3. c4 c6 4. b3 Bf5 5. Bb2 Nbd7 6. cxd5 cxd5 7. Nc3 a6 8. Nh4 Be6 9. Be2 b5 10. 0-0 Nb6 11. a4 b4 12. Na2 a5 13. Nf3 Bd7 14. Ne5 e6 15. f4 Bd6 16. g4 0-0 17. g5 Ne4 18. d3 Nc5 19. Ng4 f5 20. gxf6 gxf6 21. Rf3 Be8 22. Qe1 Ra7 23. Qh4 Rg7 24. Kh1 Nbd7 25. Rg1 Kh8 26. Rfg3 Bg6 27. Nxf6 Rxf6 28. Rxg6 Rgxg6 29. Rxg6 e5 30. fxe5 Rf1+ 31. Bxf1 Qxh4 32. exd6+ d4 33. Bxd4+ 1-0

[Event "Budapest FS12 IM"]
[Site "Budapest"]
[Date "2022.12.03"]
[Round "1"]
[White "Bodi, Tibor"]
[Black "Player, Edmund C"]
[Result "1-0"]
[WhiteElo "2314"]
[BlackElo "2198"]
[PlyCount "65"]
[EventDate "2022.12.03"]
[EventType "tourn"]
[EventRounds "9"]
[EventCountry "HUN"]
[EventCategory "2"]
[SourceTitle "CBM 212 Extra"]
[Source "ChessBase"]
[SourceDate "2023.03.31"]
[SourceVersion "1"]
[SourceVersionDate "2023.03.31"]
[SourceQuality "1"]

1. Nf3 d5 2. b3 c5 3. Bb2 Nc6 4. e3 a6 5. d4 cxd4 6. Nxd4 Nf6 7. Nxc6 bxc6 8. Be2 Qc7 9. c4 e5 10. 0-0 Be6 11. cxd5 cxd5 12. Qc1 Qxc1 13. Rxc1 Nd7 14. Nc3 Be7 15. Na4 0-0 16. Rc7 Bd8 17. Rc6 Nb8 18. Rc2 Nd7 19. Rd1 Bf6 20. Bf3 e4 21. Be2 Bxb2 22. Nxb2 Ne5 23. Na4 Rfd8 24. Rcd2 a5 25. Nc3 Rd7 26. Bb5 Rb7 27. Be2 f5 28. f4 exf3 29. gxf3 f4 30. exf4 Ng6 31. Nxd5 Bxd5 32. Rxd5 Nxf4 33. Bc4 1-0

[Event "Budapest FS11 IM"]
[Site "Budapest"]
[Date "2022.11.07"]
[Round "3"]
[White "Bodi, Tibor"]
[Black "Szalay Ocsak, Bank"]
[Result "1-0"]
[WhiteElo "2299"]
[BlackElo "2162"]
[PlyCount "71"]
[EventDate "2022.11.05"]
[EventType "tourn"]
[EventRounds "9"]
[EventCountry "HUN"]
[EventCategory "1"]
[SourceTitle "CBM 211 Extra"]
[Source "ChessBase"]
[SourceDate "2023.01.31"]
[SourceVersion "1"]
[SourceVersionDate "2023.01.31"]
[SourceQuality "1"]

1. Nf3 Nf6 2. g3 c5 3. Bg2 Nc6 4. 0-0 e5 5. c4 d5 6. cxd5 Nxd5 7. Nc3 Be6 8. d3 Be7 9. Bd2 Rc8 10. Rc1 f6 11. a3 Qd7 12. Nxd5 Bxd5 13. b4 cxb4 14. axb4 b5 15. Rb1 0-0 16. Bc3 Rb8 17. Qd2 a5 18. bxa5 b4 19. Ba1 Nxa5 20. Qb2 Bf7 21. Nxe5 Qb5 22. Nxf7 Rxf7 23. Rfc1 Bd6 24. Qd4 Rd7 25. Bd5+ Kf8 26. Be6 Rdd8 27. Qh4 Re8 28. Bg4 Kg8 29. Bf3 b3 30. Bb2 Be5 31. d4 Bd6 32. Be4 f5 33. Bd3 Qd5 34. Qg5 h6 35. Qh5 Rf8 36. e4 1-0

[Event "Budapest FS10 IM"]
[Site "Budapest"]
[Date "2022.10.07"]
[Round "6"]
[White "Seres, Lajos"]
[Black "Bodi, Tibor"]
[Result "1/2-1/2"]
[WhiteElo "2383"]
[BlackElo "2287"]
[PlyCount "47"]
[EventDate "2022.10.01"]
[EventType "tourn"]
[EventRounds "9"]
[EventCountry "HUN"]
[SourceTitle "CBM 210 Extra"]
[Source "ChessBase"]
[SourceDate "2022.11.30"]
[SourceVersion "1"]
[SourceVersionDate "2022.11.30"]
[SourceQuality "1"]

1. d4 f5 2. c4 Nf6 3. Nf3 g6 4. g3 Bg7 5. Bg2 0-0 6. 0-0 d6 7. Nc3 Qe8 8. d5 Na6 9. Rb1 c5 10. dxc6 bxc6 11. b4 Bd7 12. a3 c5 13. Nd5 Rc8 14. Nxf6+ Rxf6 15. Bb2 e5 16. Qd5+ Kh8 17. Qb7 Nb8 18. bxc5 Nc6 19. Bc3 Rb8 20. Qc7 Rc8 21. Qb7 Rb8 22. Qc7 Rc8 23. Qb7 Rb8 24. Qc7 1/2-1/2